| 000 | 00407nam a2200169Ia 4500 | ||
|---|---|---|---|
| 008 | 131103s9999 xx 000 0 und d | ||
| 040 | _aLoreto College | ||
| 041 | _aEnglish | ||
| 082 |
_aREF3 _bLCBED/2071 |
||
| 245 | _aElectricity | ||
| 260 |
_aLondon _bLongmzns _c1964 |
||
| 300 |
_a16p _b pic. _c 15cm. |
||
| 440 | _aRead about science 6 | ||
| 650 | _aReference | ||
| 850 | _aLCBED/REF3 | ||
| 942 | _cBK | ||
| 999 |
_c33572 _d84051 |
||